Bernadya - Kata Mereka Ini Berlebihan Lyric - Statistics

General Stats
  • This quiz has been taken 4 times
  • The average score is 131 of 171
Answer Stats
Answer % Correct
aku
100%
Bagimu
100%
Baju
100%
bila
100%
Bila
100%
bilang
100%
cukup
100%
di
100%
Hanya
100%
hitamku
100%
ikat
100%
itu
100%
kata
100%
kau
100%
Kau
100%
Ku
100%
ku
100%
lagi
100%
matamu
100%
mau
100%
membosankan
100%
pernah
100%
rambutku
100%
Rambutku
100%
semenjak
100%
sempurna
100%
tak
100%
Tak
100%
Warna
100%
yang
100%
akan
50%
anggap
50%
apa
50%
atas
50%
baca
50%
batalkan
50%
Bawa
50%
benar
50%
berlebihan
50%
bukan
50%
buku
50%
butuh
50%
cerdas
50%
dari
50%
enam
50%
gelap
50%
hari
50%
hiraukan
50%
indah
50%
Ingin
50%
Ini
50%
janji
50%
jauh
50%
kaki
50%
kar'na
50%
ketinggian
50%
kilometer
50%
lakukan
50%
laut
50%
lebih
50%
lihat
50%
mereka
50%
Mungkin
50%
Namun
50%
paling
50%
panjang
50%
pelukku
50%
pun
50%
ribu
50%
rindukan
50%
saat
50%
sampai
50%
sayangimu
50%
sebelas
50%
sejak
50%
semua
50%
sendirian
50%
sentuh
50%
setiap
50%
sisimu
50%
suatu
50%
suka
50%
tahan
50%
tahu
50%
takut
50%
tampaknya
50%
tempuh
50%
ternyata
50%
terurai
50%
Tiada
50%
tiba
50%
tiga
50%
tuntas
50%
Untukmu
50%
perlu
0%
No matching quizzes found
Score Distribution
Percent of People with Each Score
Percentile by Number Answered
Your Score History
You have not taken this quiz